Václav Hošek: Psychologie odolnosti

Bibliographic Details
Main Authors: Senka, Ján, 1936-1998 (Author), Hošek, Václav (Author)
Format: Article
Language:Slovak
ISSN:0555-5574
Subjects:

MARC

LEADER 00000nab a2200000 a 4500
001 vtls000576567
003 SK-MaSNL
005 20260304100042.0
008 250425c1995 xo 0 slo
015 |a SNBRB19rr/mm-uuuuu 
035 |a CL0576705 
035 |a urn:nbn:sk:snk-ab2ts5 
035 |a (urnnbn)urn:nbn:sk:snk:ar-a02xj7 
035 |a (uuid)b30c9b3c-f038-4f3c-959a-a493e422873b 
040 |a SNKBUCL  |b slo  |c SNKBUCL  |e AACR2 
041 0 |a slo 
044 |a xo  |c SK 
080 |a 159.9(048)  |2 1981 
100 1 |a Senka, Ján,  |d 1936-1998  |4 aut  |9 38475 
245 1 0 |a Václav Hošek: Psychologie odolnosti  |c Ján Senka 
650 0 7 |a pychológia odolnosti  |2 snkbucl  |9 1393891 
655 7 |a články z novín a časopisov  |2 snkbucl  |9 267496 
700 1 |a Hošek, Václav  |4 aut  |9 286275 
773 0 |t Psychológia a patopsychológia dieťaťa  |g Roč. 30, č. 4 (1995), s. 431  |x 0555-5574 
787 0 8 |i Rec.:  |a Hošek, Václav  |t Psychologie odolnosti  |d Praha : UK (Karolinium), 1994 
850 |a Slovenská národná knižnica 
852 |a Slovenská národná knižnica 
954 |a odborná, vedecká literatúra pôvodná (slovenská)  |2 lita 
958 |a article2022 
958 |a RK 
958 |a CZ 
958 |a OND 
958 |a EUIPO 
992 |a RBX 
999 |c 2835637  |d 2837567